[Event "Open Ricany 2011"]
[Site "http://www.openricany.cz"]
[Date "2011.08.23"]
[Round "5.49"]
[White "Pribyl, Jaroslav"]
[Black "Pychova, Nela"]
[Result "1-0"]
[WhiteElo "1864"]
[BlackElo "1640"]

1. d4 d5 2. Nf3 Nf6 3. c4 e6 4. Nc3 Be7 5. Bf4 c6 6. e3 O-O 7. Bd3 Nbd7 8. O-O
dxc4 9. Bxc4 Nd5 10. Bg3 N7b6 11. Bd3 Nxc3 12. bxc3 Bd7 13. Ne5 Bf6 14. c4 Bc8
15. c5 Nd7 16. Nc4 Be7 17. Qc2 h6 18. Rab1 Nf6 19. Be5 Nd7 20. Bg3 Nf6 21. Rb3
Nh5 22. Bd6 Nf6 23. Rfb1 Ne8 24. Bg3 Nf6 25. Qe2 Ne8 26. Ne5 Bf6 27. Nc4 Be7
28. Bc2 Nf6 29. Bf4 Nd5 30. Qd3 Nf6 31. Be5 g6 32. a4 Qd7 33. Bf4 Kg7 34. Ne5
Qd8 35. h4 Qe8 36. g4 Qd8 37. g5 hxg5 38. Bxg5 Nd7 39. f4 Nxe5 40. dxe5 Qxd3
41. Rxd3 Bxc5 42. Bf6+ Kh6 43. Kf2 b6 44. h5 gxh5 45. Rh1 Re8 46. Rdd1 Be7
47. Rxh5+ Kxh5 48. Rh1+ 1-0

[Event "Open Ricany 2011"]
[Site "http://www.openricany.cz"]
[Date "2011.08.23"]
[Round "5.4"]
[White "Klement, Lukas"]
[Black "Vesselovsky, Serguei"]
[Result "1/2-1/2"]
[WhiteElo "2234"]
[BlackElo "2379"]

1. Nf3 c5 2. c4 g6 3. g3 Bg7 4. Bg2 Nc6 5. O-O e6 6. Nc3 Nge7 7. d3 O-O 8. e4
d5 9. Bg5 h6 10. Bxe7 Nxe7 11. Qb3 d4 12. Ne2 e5 13. Nd2 Qc7 14. a3 Bg4 15. Qd1
a5 16. h3 Bd7 17. a4 Rfe8 18. Qc2 Bc6 19. Rae1 Qd7 20. b3 f5 21. exf5 gxf5
22. f3 h5 23. f4 e4 24. Nc1 e3 25. Bxc6 Qxc6 26. Nf3 Bf6 27. h4 Kg7 28. Qg2 Kg6
29. Nh2 Qxg2+ 30. Kxg2 Ng8 31. Re2 Be7 32. Kf3 Nf6 33. Rg2 Bd6 34. Ke2 Kf7
35. Rfg1 Rg8 36. Ke1 Rg7 37. Ne2 Rag8 38. Nf3 Ng4 39. Ng5+ Kf6 40. Nh3 Bc7
41. Kd1 Re8 42. Kc2 Rge7 43. Re1 Kg6 44. Kd1 Nf6 45. Ng5 Ng4 46. Nh3 Nh6 47. Ng5
Rg8 48. Reg1 Nf7 49. Nxf7 Kxf7 50. Kc2 Re6 51. Kd1 Rg4 52. Kc2 Reg6 53. Kd1 Bd8
54. Rh2 Be7 55. Kc2 Rb6 56. Rb1 Bd8 57. Rg1 Bc7 58. Rhg2 Bb8 59. Kb2 Bc7 1/2-1/2

[Event "Open Ricany 2011"]
[Site "http://www.openricany.cz"]
[Date "2011.08.23"]
[Round "5.11"]
[White "Kouhout, Vratislav"]
[Black "Grecny, Karol"]
[Result "1/2-1/2"]
[WhiteElo "2153"]
[BlackElo "1975"]

1. d4 Nf6 2. Nf3 e6 3. c4 d5 4. g3 c6 5. Bg2 Nbd7 6. O-O Bd6 7. Nbd2 O-O 8. Qc2
e5 9. cxd5 cxd5 10. dxe5 Nxe5 11. Nxe5 Bxe5 12. Nf3 Re8 13. Nxe5 Rxe5 14. Bf4
Re8 15. Rad1 Qa5 16. a3 Be6 17. h3 Qb5 18. Rd4 Rac8 19. Qd2 a5 20. Rd1 b6
21. Be5 Nd7 22. Bxg7 Kxg7 23. Qg5+ Kf8 24. e4 Nc5 25. exd5 Bd7 26. Qh6+ Kg8
27. b4 axb4 28. axb4 Bf5 29. bxc5 bxc5 30. Qg5+ Bg6 31. R4d2 c4 32. Rc1 c3
33. Rdc2 Qd3 34. d6 Qxd6 35. Rxc3 Rxc3 36. Rxc3 Qe5 37. Qxe5 Rxe5 38. Bf3 Re1+
39. Kg2 Be4 40. Bxe4 Rxe4 41. Kf3 Re6 42. Rc4 Kg7 43. Rg4+ Kf8 44. Rg5 Rf6+
45. Kg2 Ra6 46. g4 Rb6 47. h4 h6 48. Rf5 Kg7 49. Kg3 Ra6 50. f3 Rb6 51. Re5 Rb3
52. Kf4 Rb4+ 53. Re4 Rb6 54. Re5 Rb4+ 55. Kf5 Rb3 56. f4 Rh3 57. h5 Ra3 58. Rb5
Ra6 59. g5 Rc6 60. Rd5 Ra6 61. Ke5 hxg5 62. fxg5 f6+ 63. gxf6+ Rxf6 1/2-1/2

[Event "Open Ricany 2011"]
[Site "http://www.openricany.cz"]
[Date "2011.08.23"]
[Round "5.55"]
[White "Maly, Dusan"]
[Black "Luzikova, Nicola"]
[Result "0-1"]
[WhiteElo "1809"]
[BlackElo "1797"]

1. e4 d5 2. exd5 Nf6 3. Nc3 Nxd5 4. Qf3 c6 5. Bc4 e6 6. Nh3 Be7 7. d3 O-O
8. Ne4 Nd7 9. Bb3 N7f6 10. O-O b6 11. Re1 Bb7 12. Qg3 Qc7 13. Bf4 Nxf4 14. Nxf4
Nxe4 15. Rxe4 c5 16. Ng6 Bd6 17. Qh3 fxg6 18. Bxe6+ Rf7 19. Re3 Rf8 20. Rae1 Bc8
21. Bxf7+ Qxf7 22. Qh4 g5 23. Qc4 Qxc4 24. dxc4 Bf5 25. R3e2 Kf7 26. g3 Kf6
27. Kg2 Rf7 28. Rd2 Be5 29. h3 Rd7 30. Rde2 Bxb2 31. g4 Bg6 32. Re3 Kf7 33. c3
Ba3 34. Re5 h6 35. Kg3 Rd3+ 36. f3 Rxc3 37. Re7+ Kg8 38. Rxa7 Rd3 39. Re6 Kh7
40. Rxb6 Bb4 41. Rbb7 Bc3 42. a4 Rd2 43. Re7 Bd3 44. Rac7 Bd4 45. h4 gxh4+
46. Kxh4 Bf6+ 47. Kg3 Bxe7 48. Rxe7 Bxc4 49. Rc7 Rd5 50. a5 Bb5 51. Kf4 c4
52. Ke4 Rd8 53. f4 Ba6 54. f5 Kg8 55. Ke5 Rc8 56. Rd7 c3 57. Rd1 c2 58. Rc1 Kf7
59. Kf4 Kf6 60. Ke4 Kg5 0-1

[Event "Open Ricany 2011"]
[Site "http://www.openricany.cz"]
[Date "2011.08.23"]
[Round "5.10"]
[White "Kubikova, Hana"]
[Black "Pospisil, Martin"]
[Result "1-0"]
[WhiteElo "2159"]
[BlackElo "2035"]

1. f4 c5 2. Nf3 Nc6 3. e3 g6 4. Bb5 Bg7 5. Nc3 e6 6. O-O Nge7 7. b3 O-O 8. Bb2
d5 9. Na4 Bxb2 10. Nxb2 a6 11. Bxc6 Nxc6 12. Nd3 Qe7 13. Nfe5 f6 14. Nxc6 bxc6
15. Qe1 a5 16. Nb2 Ba6 17. Rf3 e5 18. e4 Rae8 19. f5 g5 20. d3 Ra8 21. h3 Kf7
22. Rf2 Rfb8 23. Qe2 Kg7 24. h4 h6 25. Re1 Rd8 26. Qg4 Rh8 27. Qf3 Rhd8 28. Re3
Rab8 29. Qe2 Rb4 30. hxg5 hxg5 31. a3 Rbb8 32. Rh3 Rh8 33. Rff3 d4 34. Rxh8 Rxh8
35. Rh3 Rxh3 36. gxh3 Bb5 37. Qg4 Kf8 38. Qh5 Qg7 39. Kf2 Ke7 40. Kf3 Qg8
41. Kg4 Kd6 42. Qh6 Ke7 43. a4 Ba6 44. Kg3 Kf7 45. Nd1 Ke7 46. Nf2 Bc8 47. Ng4
Qf7 48. Qh8 Bd7 49. Nh6 Qf8 50. Qh7+ Kd8 51. Ng4 Ke8 52. h4 gxh4+ 53. Kxh4 Kd8
54. Kg3 Ke8 55. Qg6+ Ke7 56. Nh6 Kd8 57. Ng8 Kc7 58. Nxf6 Qh8 59. Qf7 Qh6
60. Qxd7+ Kb6 61. Nd5+ Ka6 62. Qc8+ Ka7 1-0

[Event "Open Ricany 2011"]
[Site "http://www.openricany.cz"]
[Date "2011.08.23"]
[Round "5. 54"]
[White "Kucera,  Josef"]
[Black "Havlicek, Pavel"]
[Result "1-0"]
[WhiteElo "1852"]
[BlackElo "1735"]

1. Nf3 Nf6 2. g3 Nc6 3. Bg2 e5 4. d3 d5 5. O-O Bc5 6. c3 O-O 7. b4 Bd6 8. Qc2
Bf5 9. Bb2 Qd7 10. Nbd2 Rfe8 11. d4 Bh3 12. b5 Bxg2 13. bxc6 bxc6 14. Kxg2 Rab8
15. c4 e4 1-0

[Event "Open Ricany 2011"]
[Site "http://www.openricany.cz"]
[Date "2011.08.23"]
[Round "5.53"]
[White "Suchy, Ladislav"]
[Black "Stork, Rostislav"]
[Result "1-0"]
[WhiteElo "1870"]
[BlackElo "1759"]

1. Nc3 d5 2. e4 d4 3. Nce2 e5 4. Ng3 Nf6 5. Bc4 Nc6 6. Nf3 Bd6 7. O-O O-O 8. a3
Be6 9. Bxe6 fxe6 10. c3 Qe8 11. Qb3 Na5 12. Qa2 c5 13. b4 Nc6 14. b5 Na5
15. cxd4 cxd4 16. Ng5 Kh8 17. Nxe6 Rf7 18. Nf5 Bf8 19. d3 Qxb5 20. Nexd4 exd4
21. Qxf7 Qxd3 22. f3 Rc8 23. Bg5 Qa6 24. Rac1 Nc6 25. Bxf6 1-0

[Event "Open Ricany 2011"]
[Site "http://www.openricany.cz"]
[Date "2011.08.23"]
[Round "5.15"]
[White "Postupa, Pavel"]
[Black "Marikova, Jana"]
[Result "0-1"]
[WhiteElo "2124"]
[BlackElo "1897"]

1. e4 c5 2. Nf3 d6 3. d4 cxd4 4. Nxd4 Nf6 5. Nc3 a6 6. Be3 e5 7. Nb3 Be7 8. f3
Be6 9. Qd2 Nbd7 10. O-O-O O-O 11. g4 b5 12. Qf2 b4 13. Nd5 Bxd5 14. exd5 a5
15. Kb1 a4 16. Nc1 Qa5 17. Qd2 Nb6 18. Bxb6 Qxb6 19. g5 Nd7 20. h4 Nc5 21. Nd3
b3 22. Nxc5 bxa2+ 23. Ka1 Qxc5 24. Bd3 Rfb8 25. Qc3 a3 26. Bxh7+ Kh8 0-1

[Event "Open Ricany 2011"]
[Site "http://www.openricany.cz"]
[Date "2011.08.23"]
[Round "5. 51"]
[White "Bey, Antonin"]
[Black "Bocek, Lukas"]
[Result "1-0"]
[WhiteElo "1856"]
[BlackElo "1645"]

1. e4 c5 2. Nc3 d6 3. g3 Nf6 4. Bg2 g6 5. d3 Bg7 6. Nge2 Nc6 7. Be3 Bd7 8. O-O
h5 9. h4 Qc8 10. Re1 Ng4 11. Bd2 Bh6 12. Bxh6 Rxh6 13. Qd2 Rh7 14. d4 cxd4
15. Nxd4 Nge5 16. Nxc6 bxc6 17. f4 Nc4 18. Qc1 Bh3 19. Bh1 Qg4 20. Kh2 f6 21. b3
Nb6 22. e5 dxe5 23. Bxc6+ Nd7 24. Bxa8 g5 25. Qd1 exf4 26. Qxg4 hxg4 27. Bc6
fxg3+ 28. Kxg3 gxh4+ 29. Kh2 e5 30. Rad1 Re7 31. Nd5 Rf7 32. Nf4 Bf1 33. Rxf1
exf4 34. Rxf4 1-0

[Event "Open Ricany 2011"]
[Site "http://www.openricany.cz"]
[Date "2011.08.23"]
[Round "5. 17"]
[White "Feierfeil, Jiri"]
[Black "Vesecky, Martin"]
[Result "0-1"]
[WhiteElo "1858"]
[BlackElo "2083"]

1. d4 Nf6 2. c4 c5 3. d5 e6 4. Nc3 exd5 5. cxd5 d6 6. e4 g6 7. Bd3 Bg7 8. Nge2
O-O 9. O-O Re8 10. h3 Na6 11. a3 Nc7 12. Rb1 b5 13. Ng3 c4 14. Bc2 Rb8 15. b3
Nd7 16. Bb2 cxb3 17. Bxb3 Nc5 18. Bc2 Ba6 19. Re1 b4 20. axb4 Rxb4 21. Ba1 Rd4
22. Qf3 Rd2 23. Ba4 Bd4 24. Nce2 Rd3 25. Qf4 Be5 26. Bxe5 dxe5 27. Qc1 Nxa4
28. Qc2 Nb6 29. Rec1 Ncxd5 30. exd5 Qxd5 31. Nc3 Qc4 32. Nge4 Red8 33. g4 Bb7
34. Qb2 Bxe4 35. Nxe4 Qxe4 36. Rc8 Nxc8 37. Qb8 Rb3 38. Qxc8 Rxc8 0-1

[Event "Open Ricany 2011"]
[Site "http://www.openricany.cz"]
[Date "2011.08.23"]
[Round "5.45"]
[White "Jirousek, Filip"]
[Black "Danilov, Viacheslav"]
[Result "1-0"]
[WhiteElo "1849"]
[BlackElo "1922"]

1. e4 e5 2. f4 d5 3. exd5 exf4 4. Nf3 Be7 5. Bc4 Nf6 6. O-O O-O 7. Nc3 Bg4
8. d4 Nbd7 9. Bxf4 Nb6 10. Bb3 Nbxd5 11. Nxd5 Nxd5 12. Qd2 c5 13. dxc5 Bxc5+
14. Kh1 Nxf4 15. Qxf4 Be6 16. Bxe6 fxe6 17. Qe5 Qb6 18. Ng5 Rae8 19. Rxf8+ Bxf8
20. Qe4 g6 21. Qf4 Re7 22. Rf1 Qd8 23. Nxe6 Rxe6 24. Qf7+ Kh8 25. Qxe6 Bg7
26. b3 Bc3 27. Qf7 Qc8 28. Qf8+ Qxf8 29. Rxf8+ Kg7 30. Rb8 b6 31. Rb7+ 1-0

[Event "Open Ricany 2011"]
[Site "http://www.openricany.cz"]
[Date "2011.08.23"]
[Round "5.14"]
[White "Skala, Jaromir"]
[Black "Rehak, Martin"]
[Result "0-1"]
[WhiteElo "2020"]
[BlackElo "2129"]

1. d4 g6 2. c4 Bg7 3. Nc3 c5 4. d5 Bxc3+ 5. bxc3 f5 6. e3 Qa5 7. Qc2 d6 8. Bd3
Nf6 9. Ne2 O-O 10. O-O e5 11. e4 fxe4 12. Bxe4 Nxe4 13. Qxe4 Nd7 14. Bh6 Rf7
15. Bg5 Nb6 16. Bd8 Bf5 17. Bxb6 axb6 18. Qe3 Qa4 19. f4 Re8 20. Ng3 Qxc4
21. Nxf5 Rxf5 22. fxe5 Rexe5 23. Qh6 Qxc3 24. Rxf5 Qxa1+ 25. Rf1 Qd4+ 26. Kh1
Rf5 27. Re1 Qe4 28. Qc1 Qxd5 29. Qc2 b5 30. h3 Qc4 31. Qb1 b4 32. Rc1 Qf7
33. Qd3 Qd5 34. Qe2 Re5 35. Qg4 Qe6 36. Qh4 Qe7 37. Qc4+ Kg7 38. Rf1 d5 39. Qc2
Re1 40. Rxe1 Qxe1+ 41. Kh2 Qe5+ 42. Kh1 d4 43. Qc4 Qd6 44. Qd3 b5 45. Qxb5 d3
46. Qb7+ Kh6 47. g4 d2 48. g5+ Kxg5 49. Qg2+ Kh6 0-1

[Event "Open Ricany 2011"]
[Site "http://www.openricany.cz"]
[Date "2011.08.23"]
[Round "5.13"]
[White "Moravec, Vit"]
[Black "Vevera, Radek"]
[Result "1/2-1/2"]
[WhiteElo "2148"]
[BlackElo "2043"]

1. e4 c6 2. d4 d5 3. Nc3 dxe4 4. Nxe4 Bf5 5. Ng3 Bg6 6. Nf3 Nd7 7. Bd3 e6
8. O-O Ngf6 9. b3 Be7 10. Bb2 O-O 11. Bxg6 hxg6 12. c4 a5 13. a4 Qc7 14. Rc1
Rad8 15. Qc2 Rfe8 16. Rfe1 Bd6 17. Rcd1 Ng4 18. Nf1 c5 19. h3 Ngf6 20. N1d2 b6
21. Nb1 cxd4 22. Nxd4 Bb4 23. Nb5 Qc6 24. N1c3 Nc5 25. Rxd8 Rxd8 26. Rd1 Rxd1+
27. Nxd1 Qe4 28. Qxe4 Nfxe4 29. Bd4 Nd2 30. Nb2 Ndxb3 31. Be3 Nd7 32. Kf1 Kf8
33. Ke2 Bc5 34. Bxc5+ Nbxc5 35. Na7 f6 36. f4 Kf7 37. Ke3 e5 38. fxe5 Nxe5
39. Nc8 Ned7 40. Kd4 Ne5 41. Nxb6 Ne6+ 42. Ke4 Ke7 43. g4 1/2-1/2

[Event "Open Ricany 2011"]
[Site "http://www.openricany.cz"]
[Date "2011.08.23"]
[Round "5.16"]
[White "Vanek, Miroslav"]
[Black "Dungl, Martin"]
[Result "1/2-1/2"]
[WhiteElo "2120"]
[BlackElo "2001"]

1. d4 Nf6 2. Nf3 e6 3. Bg5 b6 4. Nbd2 Bb7 5. e3 Be7 6. Bd3 h6 7. Bxf6 Bxf6
8. Qe2 c5 9. c3 d6 10. O-O Nd7 11. e4 O-O 12. dxc5 Nxc5 13. Rfe1 Nxd3 14. Qxd3
Qc7 15. Rad1 Rad8 16. Qe2 g6 17. Nd4 a6 18. Nc2 b5 19. f4 Bh4 20. Rf1 f5 21. Nd4
Rfe8 22. N2f3 Bf6 23. exf5 gxf5 24. Rfe1 Be4 25. Qe3 Kh7 26. Nd2 Bd5 27. N2b3
Qg7 28. Qh3 Be4 29. Rxe4 fxe4 30. Nxe6 Qa7+ 31. Kh1 Qe7 32. Nxd8 Rxd8 33. Qe3 d5
34. g3 Qc7 35. Rxd5 Qc4 36. Qa7+ Kg6 37. Rxd8 Bxd8 1/2-1/2

[Event "Open Ricany 2011"]
[Site "http://www.openricany.cz"]
[Date "2011.08.23"]
[Round "5.32"]
[White "Postupa, Martin"]
[Black "Hajek, Jiri"]
[Result "0-1"]
[WhiteElo "2005"]
[BlackElo "1847"]

1. e4 g6 2. Nc3 Bg7 3. g3 d6 4. Bg2 e5 5. d3 Ne7 6. Nge2 O-O 7. O-O Nbc6 8. h3
Be6 9. f4 Qd7 10. Kh2 Nd4 11. Nxd4 exd4 12. Ne2 d5 13. e5 c5 14. Ng1 h6 15. Nf3
Rae8 16. c3 dxc3 17. bxc3 d4 18. cxd4 cxd4 19. Ba3 Rc8 20. Bd6 Nf5 21. Bxf8 Ne3
22. Qe1 Nxf1+ 23. Qxf1 Bxf8 24. Qf2 Bc5 25. g4 Bd5 26. Re1 Rc6 27. f5 g5 28. Kh1
Qc7 29. h4 Bb4 30. Rf1 Rc1 31. hxg5 hxg5 32. Nxd4 Rxf1+ 33. Qxf1 {Dale
necitelne!} 0-1

[Event "Open Ricany 2011"]
[Site "http://www.openricany.cz"]
[Date "2011.08.23"]
[Round "5.28"]
[White "Pavlicek,Pavel"]
[Black "Franek, Jan"]
[Result "1-0"]
[WhiteElo "2013"]
[BlackElo "1891"]

1. d4 Nf6 2. c4 c5 3. Nf3 g6 4. g3 cxd4 5. Nxd4 Nc6 6. Bg2 Bg7 7. O-O O-O
8. Nc3 Qb6 9. Ndb5 a6 10. Qa4 d5 11. cxd5 axb5 12. Qxa8 Bd7 13. Be3 Qc7 14. Nxb5
Qe5 15. Qa3 Nxd5 16. Rad1 Nxe3 17. Qxe3 Qxe3 18. fxe3 Ne5 19. Nc3 Bg4 20. Rd4
Bh6 21. Kf2 Be6 22. h3 Nc4 23. Nd1 Bg7 24. Rd3 Ne5 25. Ra3 Nc4 26. Ra7 Nd2
27. Re1 f5 28. Rxb7 f4 29. gxf4 g5 30. Kg3 gxf4+ 31. exf4 h5 32. e3 Bxa2 33. Nc3
h4+ 34. Kxh4 Bb3 35. Re2 Nc4 36. Rxb3 1-0

[Event "Open Ricany 2011"]
[Site "http://www.openricany.cz"]
[Date "2011.08.23"]
[Round "5.27"]
[White "Vorackova, Jarmila"]
[Black "Svitak, David"]
[Result "1/2-1/2"]
[WhiteElo "1925"]
[BlackElo "2015"]

1. d4 Nf6 2. c4 g6 3. Nc3 d5 4. cxd5 Nxd5 5. e4 Nxc3 6. bxc3 Bg7 7. Bc4 c5
8. Ne2 Nc6 9. Bb2 O-O 10. O-O Qc7 11. Qc2 Rd8 12. Rfd1 Bd7 13. Bb3 Na5 14. c4
cxd4 15. Bxd4 Bg4 16. Bxg7 Rxd1+ 17. Rxd1 Bxe2 18. Qxe2 Kxg7 19. Qd3 b6 20. Qd7
Rc8 21. Qb5 Qc5 22. Qxc5 Rxc5 23. Rd7 Nxc4 24. Rxa7 Nd2 25. f3 Nxb3 26. axb3 e5
27. Ra4 Rb5 28. b4 Kf6 29. Kf2 Ke6 30. Ke3 Kd6 31. Kd3 Kc6 32. Kc4 Rc5+ 33. Kd3
Rc1 34. Ra7 Rh1 35. Rxf7 Rxh2 36. Re7 Rxg2 37. Rxe5 h5 38. b5+ Kd6 39. Rd5+ Ke6
40. f4 h4 41. Ke3 h3 42. Kf3 Rg1 43. Rd2 Rb1 44. Kg3 Rxb5 45. Kxh3 Rb4 46. Re2
b5 47. Kg4 Rb1 48. Rc2 b4 49. Rc6+ Kd7 50. Rb6 b3 51. Kg5 b2 52. Kf6 Rf1
53. Rxb2 Rxf4+ 1/2-1/2

[Event "Open Ricany 2011"]
[Site "http://www.openricany.cz"]
[Date "2011.08.23"]
[Round "5.30"]
[White "Maly, Filip"]
[Black "Burianek, Petr"]
[Result "0-1"]
[WhiteElo "2007"]
[BlackElo "1892"]

1. e4 e5 2. Nf3 Nc6 3. Bb5 a6 4. Ba4 Nf6 5. O-O Be7 6. Re1 b5 7. Bb3 d6 8. a4
Bb7 9. c3 O-O 10. d3 h6 11. Nbd2 Re8 12. Nf1 Bf8 13. Ng3 Na5 14. Ba2 c5 15. Nf5
c4 16. axb5 axb5 17. Bb1 d5 18. Qe2 dxe4 19. dxe4 Nb3 20. Rxa8 Nxc1 21. Rxc1
Qxa8 22. Re1 Bc5 23. N3h4 Rd8 24. Kh1 Bxe4 25. f3 Bxb1 26. Rxb1 Qd5 27. b4 cxb3
28. h3 Qd3 29. Qe1 Kh7 30. Kh2 e4 31. Qg3 Nh5 32. Qc7 Qxb1 33. Qxc5 exf3
34. Nxf3 Rd1 35. Ng3 Nxg3 36. Kxg3 Qg6+ 0-1

[Event "Open Ricany 2011"]
[Site "http://www.openricany.cz"]
[Date "2011.08.23"]
[Round "5.20"]
[White "Janicek, Jindrich"]
[Black "Cap, Adam"]
[Result "0-1"]
[WhiteElo "2077"]
[BlackElo "1934"]

1. Nf3 Nf6 2. c4 c5 3. Nc3 Nc6 4. g3 g6 5. Bg2 Bg7 6. O-O O-O 7. d4 d6 8. d5
Ne5 9. Nxe5 dxe5 10. a3 Rb8 11. b4 b6 12. Rb1 Ba6 13. b5 Bc8 14. a4 Ne8 15. Bd2
Nd6 16. Qb3 f5 17. f4 e4 18. e3 a5 19. Rbd1 Qe8 20. Bc1 Qf7 21. Rd2 Rb7 22. Rfd1
Bf6 23. g4 Kh8 24. g5 Bg7 25. Bb2 Kg8 26. Bf1 Bd7 27. Rg2 Rbb8 28. Qc2 Qe8
29. h4 Kf7 30. h5 Rg8 31. Rh2 Qf8 32. Be2 Ke8 33. Kf2 Kd8 34. Rdh1 Kc7 35. hxg6
hxg6 36. Rh7 Rh8 37. Nb1 Rxh7 38. Rxh7 Bxb2 39. Qxb2 Be8 40. Nd2 Bf7 41. Qe5 Kd7
42. Bf1 Qg8 43. Rh6 Re8 44. Bh3 Kc7 45. Qc3 Kb7 46. Bf1 Ra8 47. Nb3 Qf8 48. Qe5
Re8 49. Be2 Qg8 50. Rh1 Qf8 51. Kg1 Qg8 0-1

[Event "Open Ricany 2011"]
[Site "http://www.openricany.cz"]
[Date "2011.08.23"]
[Round "5.25"]
[White "Koper, Stefan"]
[Black "Paukert, Jan"]
[Result "1-0"]
[WhiteElo "2031"]
[BlackElo "1911"]

1. d4 Nf6 2. c4 g6 3. Nc3 d5 4. Bg5 Ne4 5. cxd5 Nxc3 6. bxc3 Qxd5 7. Nf3 Bg7 8.
e3 Bg4 9. Bf4 Bxf3 10. gxf3 c5 11. Bxb8 Rxb8 12. Qa4+ Kf8 13. Qxa7 Rd8 14. Be2
cxd4 15. cxd4 Bf6 16. Rd1 Kg7 17. e4 Qd7 18. e5 Bh4 19. d5 f6 20. Qd4 Qh3 21.
f4 fxe5 22. fxe5 Rhf8 23. Rf1 Qxh2 24. d6 exd6 25. exd6+ Bf6 26. Qb4 Qe5 27.
Rh1 Qc3+ 28. Qxc3 Bxc3+ 29. Kf1 Bb4 30. d7 Bc5 31. Rh2 Rf6 32. Bb5 Bb6 33. a4
Ba5 34. Rd3 h6 35. Re3 Rf7 36. Re6 h5 37. Rg2 Rf6 38. Re8 Bb6 39. Ke2 Rd6 40.
Rg5 Rf6 41. f3 Rf8 42. Rge5 Bc7 43. Rc5 Bb6 44. Rd5 Rf5 45. Rd6 Bc7 46. Rd1
Re5+ 47. Rxe5 Bxe5 48. Kd3 Bf6 49. Ke4 Rf8 50. f4 b6 51. f5 gxf5+ 52. Kxf5 Bd8+
53. Ke5 h4 54. Rg1+ Kf7 55. Kd6 Rh8 56. Bc4+ Kf6 57. Rf1+ Kg5 58. Be6 h3 59.
Rf5+ Kg6 60. Rf1 h2 61. Bd5 Kg7 62. Kc6 Rh6+ 63. Kb7 Rh8 64. Re1 Kf6 65. Re8
h1=Q 66. Bxh1 Rxh1 67. Kc8 Be7 68. Rxe7 Rc1+ 69. Kd8 Rh1 70. Re4 Rh2 71. Kc7
1-0

[Event "Open Ricany 2011"]
[Site "http://www.openricany.cz"]
[Date "2011.08.23"]
[Round "5.9"]
[White "Vojta, Pavel"]
[Black "Voracek, Zdenek"]
[Result "1-0"]
[WhiteElo "2175"]
[BlackElo "2067"]

1. d4 d5 2. Nf3 Nf6 3. c4 e6 4. Nc3 Nbd7 5. Bf4 c6 6. e3 Qa5 7. Nd2 Bb4 8. Qc2
Nb6 9. Bc7 Bxc3 10. bxc3 Qa4 11. Qb3 dxc4 12. Bxc4 Qxb3 13. axb3 Nbd5 14. Bxd5
cxd5 15. Be5 Ke7 16. Ke2 Bd7 17. c4 Bc6 18. f3 Nd7 19. Bg3 dxc4 20. Nxc4 f6
21. Bd6+ Kf7 22. e4 Bb5 23. Ke3 Rhd8 24. Bc7 Bxc4 25. Bxd8 Bxb3 26. Bc7 b5
27. Ra6 b4 28. Rha1 Rc8 29. Rxa7 1-0

[Event "Open Ricany 2011"]
[Site "http://www.openricany.cz"]
[Date "2011.08.23"]
[Round "5.39"]
[White "Krejci, Martin"]
[Black "Macek, Kamil"]
[Result "1/2-1/2"]
[WhiteElo "1878"]
[BlackElo "2012"]

1. e4 c5 2. Nf3 d6 3. d4 cxd4 4. Nxd4 Nf6 5. Nc3 a6 6. Be3 e6 7. Be2 Be7 8. a4
Qc7 9. O-O O-O 10. Kh1 Nc6 11. f4 Re8 12. Bf3 Rb8 13. Qe2 Nxd4 14. Bxd4 e5
15. fxe5 dxe5 16. Ba7 Ra8 17. Be3 Be6 18. Qf2 Rac8 19. Rac1 Bc5 20. Rfd1 Bxe3
21. Qxe3 Rcd8 22. h3 h6 23. Be2 Qa5 24. b3 Qb4 25. Bf3 Rxd1+ 26. Rxd1 Nd7
27. Nd5 Bxd5 28. Rxd5 Nf8 29. Bg4 Ng6 30. Rd7 1/2-1/2

[Event "Open Ricany 2011"]
[Site "http://www.openricany.cz"]
[Date "2011.08.23"]
[Round "5.31"]
[White "Adamik, Frantisek"]
[Black "Rydl, Jiri"]
[Result "0-1"]
[WhiteElo "1891"]
[BlackElo "2007"]

1. c4 e6 2. e4 d5 3. e5 d4 4. f4 Nc6 5. Nf3 Nh6 6. Bd3 Nf5 7. O-O Be7 8. a3 a5
9. Be4 Nh4 10. d3 Nxf3+ 11. Qxf3 Bd7 12. Nd2 g6 13. g4 h5 14. g5 Kf8 15. b3 Kg7
16. h4 Bc5 17. Rf2 Qe7 18. Qg2 Ra6 19. Bf3 Rb6 20. Bd1 Nb8 21. Ne4 Na6 22. Nf6
Nb8 23. Rfa2 Ra6 24. Qb2 Bc6 25. Bd2 b5 26. b4 Ba7 27. c5 Qd8 28. Bb3 a4 29. Bd1
Bd5 30. Be1 Bxa2 31. Rxa2 Nd7 32. Ne4 Rc6 33. Bf3 Nxc5 34. bxc5 Bxc5 35. Qc1 Qd5
36. Rc2 Bxa3 37. Qb1 Rxc2 38. Qxc2 Qb3 39. Qd2 c5 40. Bd1 Qd5 41. Nd6 Bb4
42. Qe2 Rd8 43. Nxb5 Bxe1 44. Qxe1 c4 45. dxc4 Qxc4 46. Qa5 Rd5 47. Bxa4 d3
48. Qc7 Qxc7 49. Nxc7 Ra5 50. Bb3 Ra3 0-1

[Event "Open Ricany 2011"]
[Site "http://www.openricany.cz"]
[Date "2011.08.23"]
[Round "5.21"]
[White "Petras, Milan"]
[Black "Lexa, Vaclav"]
[Result "1-0"]
[WhiteElo "2064"]
[BlackElo "1917"]

1. d4 Nf6 2. Nf3 g6 3. Bf4 d6 4. Nbd2 Bg7 5. e4 O-O 6. h3 Nbd7 7. Bc4 Nb6
8. Bb3 e6 9. O-O Bd7 10. c4 Bc6 11. Re1 d5 12. e5 Ne8 13. c5 Nc8 14. Bc2 Bd7
15. g4 f6 16. Bg3 Ne7 17. Qe2 Nc6 18. Bh4 Qe7 19. exf6 Bxf6 20. Bxf6 Qxf6
21. Qe3 Ng7 22. a3 a5 23. Rab1 Qf4 24. Kg2 Rae8 25. Ba4 Ne5 26. Nxe5 Bxa4 27. b3
Bb5 28. a4 Bc6 29. Nf1 Re7 30. Ng3 Be8 31. g5 Qh4 32. Ng4 Nf5 33. Nxf5 exf5
34. Nh6+ Qxh6 35. gxh6 Rxe3 36. Rxe3 Bd7 37. f4 b6 38. cxb6 cxb6 39. Re7 1-0

[Event "Open Ricany 2011"]
[Site "http://www.openricany.cz"]
[Date "2011.08.23"]
[Round "5.37"]
[White "Havelka, Petr"]
[Black "Framberk, Jan"]
[Result "0-1"]
[WhiteElo "1915"]
[BlackElo "2062"]

1. d4 Nf6 2. c4 e5 3. dxe5 Ng4 4. Nf3 Bc5 5. e3 Nc6 6. Be2 O-O 7. O-O Re8 8. a3
a5 9. Nd4 Ngxe5 10. Nxc6 bxc6 11. Nd2 d6 12. Nf3 Bg4 13. Nxe5 Bxe2 14. Nxf7 Bxd1
15. Nxd8 Ba4 16. b3 Raxd8 17. bxa4 Re4 18. Bd2 Rxc4 19. Bxa5 Rxa4 20. Bb4 Bxb4
21. axb4 Rxb4 22. Rfc1 c5 23. Ra7 Rd7 24. Kf1 Rb2 25. Rc4 Kf7 26. Ra6 Ke7 27. e4
Rd8 28. Ra7 Kd7 29. Rc1 Rdb8 30. e5 Rd2 31. exd6 Kxd6 32. Ra6+ Rb6 33. Ra5 Rbb2
34. Raxc5 Rxf2+ 35. Ke1 Rxg2 36. Rc6+ Ke5 37. R1c5+ Kf4 38. Rc4+ Kg5 39. h4+ Kh5
40. Kf1 Rh2 41. Kg1 Rxh4 42. Rxh4+ Kxh4 43. Rxc7 g5 44. Rxh7+ Kg3 45. Kf1 g4
46. Rh8 Rb1+ 47. Ke2 Kg2 48. Rf8 g3 49. Re8 Rb7 50. Rh8 Re7+ 51. Kd3 Kg1 52. Rg8
g2 53. Kd2 Rh7 0-1